LEADER 01081nam a2200265 i 4500 001 000000038595 003 CaOOAMICUS 005 20071108000000.0 008 071108s1974 it u000 u ita u 013 $a9187 040 $aSeMil$bita 100 1 $aDorst, Tankred <1925->.$0(OLS)http://semarc/name/18540 240 10$aEiszeit.$0(OLS)http://semarc/title/54530 245 10$aEra glaciale /$cTankred Dorst ; Traduzione di Umberto Gandini. 260 $aTorino :$bGiulio Einaudi,$ccopyr. 1974. 300 $aVIII, 93 p. ;$c19 cm. 490 0 $aCollezione di teatro ;$v187 650 4$aLetteratura drammatica tedesca.$0(OLS)http://semarc/subject/7743 700 1 $aGandini, Umberto,$d<1935-2021>.$0(OLS)http://semarc/name/18533 830 0$aCollezione di teatro ;$v187.$0(OLS)http://semarc/title/6906 850 $aSeMil 852 $aSeMil$W1$xVenegono$y1$m1O I 39$j4750$B4750$CSeMilBibl$Z2$F4750 $81 961 $aOmaggio: Deposito 996 $6245$aEra glaciale$9(OLS)http://semarc/title/54529 996 $6260$aTorino :$bGiulio Einaudi$9(OLS)http://semarc/publisher/29810 LEADER 01251nam a2200277 4500 001 000000345300 003 CaOOAMICUS 005 20210409140723.0 008 210409s2013 it 000 u ita r 020 $a978-88-89667-42-2 040 $aSeMil$bita 100 1 $aTenace, Michelina.$0(OLS)http://semarc/name/35319 245 10$aCristiani si diventa :$bdogma e vita nei primi tre concili /$cMichelina Tenace. 264 1$aRoma :$bLipa,$c2013. 300 $a263 p. ;$c21 cm 490 1 $aPubblicazioni del Centro Aletti 650 4$aDogma - Storia - Origini.$0(OLS)http://semarc/subject/9098 650 4$aChiesa primitiva e delle origini - Dogma.$0(OLS)http://semarc/subject/50246 650 4$aPadri della Chiesa - Dogma.$0(OLS)http://semarc/subject/50247 830 0$aPubblicazioni del Centro Aletti.$0(OLS)http://semarc/title/9229 850 $aSeMil 852 $aSeMil$W1$xVenegono$y1$m2T II 7$j225334$B236392$CSeMilBibl$Z2$F236392 $81 996 $6020$a978-88-89667-42-2$9(OLS)http://semarc/number/292852 996 $6245$aCristiani si diventa :$bdogma e vita nei primi tre concili$9(OLS)http://semarc/title/434432 996 $6264$aRoma :$bLipa$9(OLS)http://semarc/publisher/31573